[Event "HSK-Weihnachtsopen 22"]
[Site "?"]
[Date "2022.12.28"]
[Round "4.3"]
[White "Schroeder, Christoph"]
[Black "Trisic, Aleksandar"]
[Result "0-1"]
[WhiteElo "2114"]
[BlackElo "2286"]
[PlyCount "66"]
[SourceVersionDate "2022.12.29"]

1. e4 c5 2. Nf3 d6 3. d4 cxd4 4. Nxd4 Nf6 5. Nc3 a6 6. Bg5 e6 7. Qe2 Qa5 8.
Bxf6 gxf6 9. Nb3 Qc7 10. Qh5 b5 11. Bd3 Nd7 12. a4 b4 13. Na2 Bb7 14. Qa5 Qb8
15. Nxb4 Rg8 16. Na2 d5 17. O-O-O dxe4 18. Bf1 Rg5 19. Qc3 Qf4+ 20. Qd2 Qc7 21.
Qc3 Rc8 22. Qxc7 Rxc7 23. Nc3 Rf5 24. Rd4 Rxf2 25. Kd1 e3 26. Rh4 f5 27. Rxh7
Ne5 28. Be2 Bxg2 29. Rg1 f4 30. Bxa6 Nf3 31. Rxg2 Rxg2 32. Bb5+ Ke7 33. Ne2 Ng5
0-1

[Event "HSK-Weihnachtsopen 22"]
[Site "?"]
[Date "2022.12.28"]
[Round "4.4"]
[White "Porth, Hartmut"]
[Black "Skibbe, Willi"]
[Result "0-1"]
[WhiteElo "2006"]
[BlackElo "2189"]
[PlyCount "86"]
[SourceVersionDate "2022.12.29"]

1. e4 e5 2. Nf3 Nc6 3. Bb5 a6 4. Bxc6 dxc6 5. O-O Bg4 6. d3 Qf6 7. Be3 Bd6 8.
Nbd2 Ne7 9. Qb1 c5 10. Bg5 Qg6 11. Bxe7 Kxe7 12. Kh1 Qh5 13. Ng1 Be6 14. Qd1
Qxd1 15. Rfxd1 c6 16. Nc4 Bc7 17. Nf3 f6 18. Ne3 g6 19. a4 b5 20. axb5 axb5 21.
Kg1 Ba5 22. h3 Ra7 23. b4 cxb4 24. d4 exd4 25. Nxd4 Bd7 26. e5 fxe5 27. Nf3 Bb6
28. Rxa7 Bxa7 29. Nxe5 Rd8 30. N3g4 Be8 31. Re1 Kf8 32. Nf6 Kg7 33. Neg4 Bf7
34. Re7 Bc5 35. Rb7 h5 36. Ne4 hxg4 37. Nxc5 Rd5 38. Ne6+ Kf6 39. Nf4 Rd4 40.
Ne2 Rd1+ 41. Kh2 Rd2 42. Ng3 Bd5 43. c4 bxc3 0-1

[Event "HSK-Weihnachtsopen 22"]
[Site "?"]
[Date "2022.12.28"]
[Round "4.5"]
[White "Klaus, Christian"]
[Black "Brinkmann, Fabian"]
[Result "1/2-1/2"]
[WhiteElo "2095"]
[BlackElo "2147"]
[PlyCount "35"]
[SourceVersionDate "2022.12.29"]

1. e4 c6 2. d3 d5 3. Nd2 e5 4. Ngf3 Bd6 5. g3 Ne7 6. Bg2 O-O 7. O-O f5 8. Re1
fxe4 9. dxe4 d4 10. Nc4 Ng6 11. c3 c5 12. h4 Nc6 13. Ng5 Nh8 14. Qb3 Nf7 15.
Bf1 Be7 16. Nxf7 Rxf7 17. Nd2 Kf8 18. Qd5 1/2-1/2

[Event "HSK-Weihnachtsopen 22"]
[Site "?"]
[Date "2022.12.28"]
[Round "4.7"]
[White "Perschk, Bendix"]
[Black "Keyser, Robin"]
[Result "0-1"]
[WhiteElo "1686"]
[BlackElo "2117"]
[PlyCount "70"]
[SourceVersionDate "2022.12.29"]

1. Nc3 d5 2. e4 e6 3. Nf3 Nf6 4. exd5 exd5 5. d4 Bb4 6. Bd3 O-O 7. h3 Ne4 8.
Bd2 Nxd2 9. Qxd2 Re8+ 10. Be2 Qe7 11. a3 Bxc3 12. bxc3 Bf5 13. Kf1 Nd7 14. Bd3
Qf6 15. Qg5 Bxd3+ 16. cxd3 Qa6 17. Qd2 Re7 18. g4 Rae8 19. Kg2 Nf8 20. Rhe1 Ne6
21. Re5 Qd6 22. c4 f6 23. c5 Qd7 24. Ree1 c6 25. Rh1 Qc7 26. Rae1 Nf4+ 27. Kf1
Re2 28. Rxe2 Rxe2 29. Qd1 Qa5 30. Ng1 Qd2 31. Qxd2 Rxd2 32. Ke1 Rxd3 33. Ne2
Rxa3 34. Rh2 Ra1+ 35. Kd2 Ra2+ 0-1

[Event "HSK-Weihnachtsopen 22"]
[Site "?"]
[Date "2022.12.28"]
[Round "4.8"]
[White "Bahrs, Timo"]
[Black "Atri, Jamshid"]
[Result "0-1"]
[WhiteElo "1665"]
[BlackElo "2020"]
[PlyCount "44"]
[SourceVersionDate "2022.12.29"]

1. e4 e5 2. Nf3 Nc6 3. d4 exd4 4. Nxd4 Nf6 5. Nxc6 bxc6 6. e5 Qe7 7. Qe2 Nd5 8.
g3 g6 9. Nd2 Bg7 10. Nf3 O-O 11. c4 Ba6 12. b3 Rfe8 13. Bg5 Qf8 14. Bh3 f6 15.
Bxd7 fxg5 16. Bxc6 Rad8 17. Bxe8 Rxe8 18. Qd3 Nb4 19. Qe4 g4 20. Qxg4 Nc2+ 21.
Kd2 Nxa1 22. Rxa1 Bb7 0-1

[Event "HSK-Weihnachtsopen 22"]
[Site "?"]
[Date "2022.12.28"]
[Round "4.9"]
[White "Tegetmeier, Birger"]
[Black "Apitzsch, Leon Fabian"]
[Result "1/2-1/2"]
[WhiteElo "1606"]
[BlackElo "1993"]
[PlyCount "61"]
[SourceVersionDate "2022.12.29"]

1. e4 c5 2. c3 Nc6 3. d4 cxd4 4. cxd4 d5 5. exd5 Qxd5 6. Nf3 e6 7. Nc3 Bb4 8.
Bd2 Qd8 9. Bb5 Nge7 10. O-O O-O 11. a3 Ba5 12. b4 Bb6 13. Be3 Bd7 14. Re1 a6
15. Ba4 Rc8 16. Rc1 Nd5 17. Nxd5 exd5 18. Bc2 Bg4 19. Qd3 g6 20. Ne5 Bf5 21.
Nxc6 Rxc6 22. Qd2 Rxc2 23. Rxc2 Bxc2 24. Qxc2 Qf6 25. Bh6 Rd8 26. Qe2 Qe6 27.
Qd2 Qc6 28. Qe3 Qe6 29. Qd2 Qc6 30. Qe3 Qe6 31. Qd2 1/2-1/2

[Event "HSK-Weihnachtsopen 22"]
[Site "?"]
[Date "2022.12.28"]
[Round "4.10"]
[White "Alpers, Arne"]
[Black "Laucht, Philipp"]
[Result "1-0"]
[WhiteElo "1856"]
[BlackElo "1598"]
[PlyCount "111"]
[SourceVersionDate "2022.12.29"]

1. d4 Nf6 2. c4 g6 3. Nc3 d5 4. cxd5 Nxd5 5. e4 Nxc3 6. bxc3 Bg7 7. Bc4 c5 8.
Ne2 O-O 9. O-O Nc6 10. Be3 Bd7 11. Rb1 Qc7 12. Bf4 Qc8 13. Rc1 Rd8 14. Qd2 Be8
15. Rfd1 Na5 16. Bd3 Ba4 17. Re1 Qd7 18. c4 b6 19. d5 e5 20. Bg5 f6 21. Be3 Qf7
22. Bxc5 Rac8 23. Bb4 Nb7 24. Nc3 Bd7 25. Bf1 Nc5 26. Nb5 Qf8 27. Qd1 Bh6 28.
Rb1 a6 29. Nc3 Qe8 30. Bxc5 bxc5 31. Rb6 Rb8 32. Rxf6 Rb2 33. Rxa6 Bd2 34. Ra3
Bxe1 35. Qxe1 Qf7 36. Nd1 Rb1 37. Bd3 Ra1 38. Bc2 Rb8 39. Qc3 Rc1 40. Qd2 Qf4
41. Re3 Rbb1 42. Bxb1 Rxb1 43. Qc2 Ra1 44. Re1 Rc1 45. Qe2 Ba4 46. g3 Qf6 47.
Ne3 Rc3 48. Qb2 Rd3 49. Qb8+ Qf8 50. Qxf8+ Kxf8 51. Ng4 Ra3 52. Nxe5 Rxa2 53.
Nd3 Bb3 54. Nxc5 Bxc4 55. d6 Ra5 56. d7 1-0

[Event "HSK-Weihnachtsopen 22"]
[Site "?"]
[Date "2022.12.29"]
[Round "5.1"]
[White "Trisic, Aleksandar"]
[Black "Ertan, Can"]
[Result "0-1"]
[WhiteElo "2286"]
[BlackElo "2352"]
[PlyCount "66"]
[SourceVersionDate "2022.12.29"]

1. e4 e5 2. Nf3 Nc6 3. Bc4 Bc5 4. c3 Nf6 5. d3 O-O 6. O-O d6 7. Nbd2 a5 8. h3
Be6 9. Re1 h6 10. Bb5 Na7 11. Ba4 b5 12. Bc2 Nc6 13. Nf1 Bb6 14. Ng3 d5 15.
exd5 Nxd5 16. d4 exd4 17. Qd3 Nf6 18. Nh5 Re8 19. Nh4 Kf8 20. Nxg7 Kxg7 21.
Qg3+ Kh8 22. Bxh6 Rg8 23. Qf3 Bd5 24. Qf5 Nb8 25. Bg5 Nbd7 26. Qf4 dxc3 27.
Rad1 Bxf2+ 28. Kxf2 Rxg5 29. g3 Nh5 30. Re8+ Nf8 31. Rxd8 Nxf4 32. Rxf8+ Rxf8
33. gxf4 Rh5 0-1

[Event "HSK-Weihnachtsopen 22"]
[Site "?"]
[Date "2022.12.29"]
[Round "5.2"]
[White "Colpe, Malte"]
[Black "Skibbe, Willi"]
[Result "1/2-1/2"]
[WhiteElo "2355"]
[BlackElo "2189"]
[PlyCount "112"]
[SourceVersionDate "2022.12.29"]

1. Nf3 d5 2. g3 Nf6 3. Bg2 e6 4. O-O Be7 5. c4 O-O 6. b3 d4 7. e3 c5 8. exd4
cxd4 9. Ne5 Nbd7 10. Nxd7 Nxd7 11. d3 a5 12. Na3 Nc5 13. Nb5 e5 14. Ba3 Bd7 15.
Bxc5 Bxc5 16. Bxb7 Rb8 17. Be4 Bxb5 18. cxb5 Rxb5 19. Qh5 g6 20. Qxe5 Qb8 21.
Qxb8 Rbxb8 22. Rac1 Bb4 23. Rc4 Bc3 24. g4 Rbd8 25. Rc5 Bb4 26. Rb5 Rb8 27. Rd5
Rbd8 28. f4 Rxd5 29. Bxd5 Rd8 30. Bc4 Kg7 31. f5 f6 32. Rf4 Bd6 33. Re4 Be5 34.
h4 gxf5 35. gxf5 Rd7 36. Kg2 h5 37. a3 Kf8 38. b4 axb4 39. axb4 Rg7+ 40. Kf2
Ke7 41. b5 Kd6 42. Re2 Rg4 43. Ra2 Rxh4 44. Ra6+ Kd7 45. Be6+ Kd8 46. b6 Rh2+
47. Kf3 Rb2 48. Bd5 Ke7 49. b7 Kf8 50. Ra7 Rb1 51. Ra2 Rf1+ 52. Kg2 Rb1 53. Kh3
Kg7 54. Rg2+ Kh7 55. Rg6 Rb2 56. Rg2 Rxg2 1/2-1/2

[Event "HSK-Weihnachtsopen 22"]
[Site "?"]
[Date "2022.12.29"]
[Round "5.4"]
[White "Brinkmann, Fabian"]
[Black "Alpers, Arne"]
[Result "1-0"]
[WhiteElo "2147"]
[BlackElo "1856"]
[PlyCount "57"]
[SourceVersionDate "2022.12.29"]

1. e4 c5 2. Nf3 Nc6 3. Bb5 g6 4. Bxc6 dxc6 5. O-O Bg7 6. d3 Nf6 7. h3 Nd7 8.
Re1 e5 9. Be3 b6 10. Qd2 O-O 11. Bh6 Re8 12. Na3 Bh8 13. Nc4 Qc7 14. a3 a5 15.
a4 Nf8 16. Nh2 Ne6 17. c3 Ba6 18. Qe3 Rad8 19. Ng4 Nf4 20. Ncxe5 Nxd3 21. Nxd3
Rxd3 22. Qg5 Qd8 23. Qf4 Bg7 24. Bxg7 Kxg7 25. Qh6+ Kg8 26. e5 Re6 27. Nf6+
Rxf6 28. exf6 Qf8 29. Re8 1-0

[Event "HSK-Weihnachtsopen 22"]
[Site "?"]
[Date "2022.12.29"]
[Round "5.5"]
[White "Rolf, Marco"]
[Black "Zieher, Hartmut"]
[Result "0-1"]
[WhiteElo "2098"]
[BlackElo "2120"]
[PlyCount "102"]
[SourceVersionDate "2022.12.29"]

1. d4 f5 2. g3 Nf6 3. Bg2 e6 4. Nh3 g6 5. O-O Bg7 6. Nd2 O-O 7. e4 fxe4 8. Nxe4
Nxe4 9. Bxe4 d5 10. Bg2 c6 11. Bg5 Qb6 12. Be7 Re8 13. Bc5 Qc7 14. Re1 Nd7 15.
Ba3 Nb6 16. b3 e5 17. Bb2 Bf5 18. Ng5 exd4 19. Rxe8+ Rxe8 20. Bxd4 Bxc2 21. Qd2
Bxd4 22. Qxd4 Qg7 23. Qxg7+ Kxg7 24. Rc1 Bf5 25. a4 a6 26. h4 Nc8 27. b4 Nd6
28. Bf1 Bd7 29. b5 axb5 30. axb5 h6 31. bxc6 bxc6 32. Nf3 Kf6 33. g4 Ne4 34.
Nd4 c5 35. Bb5 Bxb5 36. Nxb5 Rb8 37. Nc7 Ke5 38. f3 Nf6 39. Rxc5 Rb2 40. g5
hxg5 41. hxg5 Nh5 42. Rxd5+ Kf4 43. Ne6+ Kg3 44. Kf1 Rb1+ 45. Ke2 Rb6 46. Nc7
Nf4+ 47. Ke3 Nxd5+ 48. Nxd5 Re6+ 49. Kd4 Kxf3 50. Nf6 Kf4 51. Kd5 Re1 0-1

[Event "HSK-Weihnachtsopen 22"]
[Site "?"]
[Date "2022.12.29"]
[Round "5.6"]
[White "Keyser, Robin"]
[Black "Klaus, Christian"]
[Result "1-0"]
[WhiteElo "2117"]
[BlackElo "2095"]
[Annotator "turnier"]
[PlyCount "120"]
[SourceVersionDate "2022.12.29"]

1. d4 g6 2. Nf3 Bg7 3. c4 d6 4. g3 Nf6 5. Bg2 O-O 6. Nc3 Nbd7 7. O-O e5 8. e4
exd4 9. Nxd4 Re8 10. Qc2 Nc5 11. Rd1 Qe7 12. f3 Ne6 13. Nde2 c6 14. b3 b6 15.
Ba3 Nc5 16. b4 Nb7 17. Rac1 Be6 18. c5 dxc5 19. bxc5 Bf8 20. Nd4 Rac8 21. e5
Nd5 22. Nxc6 Rxc6 23. Nxd5 Bxd5 24. Rxd5 Nxc5 25. f4 Rc7 26. Qd2 Qe6 27. Kh1
Qf5 28. Re1 Qc8 29. Rd1 Ne4 {(=)} 30. Bxe4 Bxa3 31. Rd7 Rxd7 32. Qxd7 Qxd7 33.
Rxd7 Re7 34. Rd8+ Kg7 35. Bd5 Rc7 36. Bb3 Be7 37. Ra8 a5 38. Kg2 Rd7 39. Rb8
Bc5 40. Kf3 Rd3+ 41. Ke2 Rd7 42. h3 h6 43. g4 Bd4 44. Kf3 g5 45. fxg5 hxg5 46.
Ke4 Bc5 47. Kf5 Be3 48. Ke4 Bc5 49. Bd5 Re7 50. Kf5 Bd4 51. e6 f6 52. Ke4 Bc5
53. Rc8 Bg1 54. a4 Bf2 55. Kf5 Bd4 56. Bc6 Bc5 57. Bd7 Bd4 58. Ke4 Bf2 59. Kd5
Kh7 60. Kd6 Rg7 1-0

[Event "HSK-Weihnachtsopen 22"]
[Site "?"]
[Date "2022.12.29"]
[Round "5.7"]
[White "Serrer, David"]
[Black "Schroeder, Christoph"]
[Result "0-1"]
[WhiteElo "1853"]
[BlackElo "2114"]
[PlyCount "72"]
[SourceVersionDate "2022.12.29"]

1. d4 Nf6 2. c4 c5 3. dxc5 Qa5+ 4. Nd2 Qxc5 5. e3 g6 6. b3 Bg7 7. Bb2 b6 8.
Ngf3 Bb7 9. Be2 O-O 10. O-O d6 11. a3 Nbd7 12. Qc2 Rac8 13. Rac1 Rfd8 14. Qb1
Qc7 15. Rfd1 Nc5 16. Qa2 Qb8 17. Nb1 Nce4 18. Qa1 Bh6 19. Nc3 Nxf2 20. Kxf2
Ng4+ 21. Kg1 Bxe3+ 22. Kf1 d5 23. g3 dxc4 24. Rxd8+ Rxd8 25. Rd1 Bxf3 26. Bxf3
Nxh2+ 27. Kg2 Nxf3 28. Kxf3 Bd4 29. bxc4 Qa8+ 30. Ne4 Bxb2 31. Rxd8+ Qxd8 32.
Qxb2 Qd3+ 33. Kf4 f6 34. Nxf6+ exf6 35. Qa2 h5 36. c5+ Kg7 0-1

[Event "HSK-Weihnachtsopen 22"]
[Site "?"]
[Date "2022.12.29"]
[Round "5.8"]
[White "Luethje, Till"]
[Black "Porth, Hartmut"]
[Result "0-1"]
[WhiteElo "1503"]
[BlackElo "2006"]
[PlyCount "102"]
[SourceVersionDate "2022.12.29"]

1. e4 Nc6 2. Nc3 e6 3. Bc4 Nf6 4. d3 d5 5. exd5 exd5 6. Bb5 Bb4 7. Bd2 O-O 8.
Nge2 Bg4 9. f3 Bd7 10. a3 Bc5 11. Bg5 h6 12. Bxf6 Qxf6 13. d4 Bd6 14. Qd3 Bf5
15. Qd2 Ne7 16. O-O-O c6 17. Bd3 b5 18. Ng3 b4 19. axb4 Bxd3 20. Qxd3 Rfb8 21.
Nce2 a5 22. bxa5 Rxa5 23. Kd2 Rxb2 24. Ke1 Raa2 25. Rc1 Qg6 26. Qxg6 Nxg6 27.
Nf5 Ba3 28. Kd2 Bb4+ 29. Kd1 Kf8 30. Ne3 Ke7 31. h4 Nf8 32. Ng3 Ne6 33. Ngf5+
Kd7 34. Ke2 g6 35. Nxh6 Nf4+ 36. Kf1 Bd2 37. Rd1 Bxe3 38. Ng4 Bd2 39. Ne5+ Kc7
40. Rxd2 Rb1+ 41. Kf2 Rxh1 42. Nxf7 Rc1 43. Ke3 Ne6 44. Ne5 Rcxc2 45. Rxc2 Rxc2
46. g4 Rc3+ 47. Kf2 Nxd4 48. f4 c5 49. Nxg6 Rf3+ 50. Kg2 c4 51. h5 c3 0-1

[Event "HSK-Weihnachtsopen 22"]
[Site "?"]
[Date "2022.12.29"]
[Round "5.9"]
[White "Apitzsch, Leon Fabian"]
[Black "Wiethuechter, Samuel"]
[Result "1/2-1/2"]
[WhiteElo "1993"]
[BlackElo "1712"]
[PlyCount "82"]
[SourceVersionDate "2022.12.29"]

1. e4 c6 2. Nc3 d5 3. Nf3 dxe4 4. Nxe4 Bg4 5. Bc4 e6 6. h3 Bh5 7. O-O Nd7 8. d4
Qc7 9. Re1 Ngf6 10. Ng3 Bg6 11. Ne5 Nd5 12. Bb3 Nxe5 13. dxe5 Rd8 14. Qe2 Be7
15. a3 O-O 16. Bd2 Qb6 17. Ne4 Qd4 18. Nc3 Nf4 19. Bxf4 Qxf4 20. Rad1 Bg5 21.
g3 Qf5 22. Kg2 h5 23. f4 Bxf4 24. gxf4 Qxf4 25. Qf2 Qg5+ 26. Qg3 Qe7 27. Qe3
Rxd1 28. Rxd1 Rd8 29. Rxd8+ Qxd8 30. Ne4 Qd1 31. Nf2 Qb1 32. Qxa7 Qxb2 33. Qc5
Qc1 34. a4 Qg5+ 35. Kf1 Qc1+ 36. Ke2 h4 37. Qe3 Bh5+ 38. Kd3 Bg6+ 39. Ke2 Bh5+
40. Ng4 Qh1 41. Qg5 Qg2+ 1/2-1/2

[Event "HSK-Weihnachtsopen 22"]
[Site "?"]
[Date "2022.12.29"]
[Round "5.10"]
[White "Mandelkow, Elias"]
[Black "Tegetmeier, Birger"]
[Result "1-0"]
[WhiteElo "1891"]
[BlackElo "1606"]
[Annotator "turnier"]
[PlyCount "111"]
[SourceVersionDate "2022.12.29"]

1. d4 d5 2. c4 e6 3. Nc3 Nf6 4. Nf3 Be7 5. Bf4 O-O 6. h3 Nbd7 7. e3 b6 8. cxd5
exd5 9. Bd3 Bb7 10. O-O Rc8 11. Rc1 c5 12. Nb5 c4 13. Bb1 a6 14. Nd6 Bxd6 15.
Bxd6 Re8 16. Nd2 Re6 17. Bh2 g6 18. Re1 b5 19. f3 Nb6 20. Nf1 Qe7 21. Qd2 Re8
22. Re2 b4 {(=)} 23. Rce1 a5 24. Kh1 Ba6 25. Qd1 c3 26. Bd3 Bxd3 27. Qxd3 cxb2
28. Rxb2 Nc4 29. Rbe2 Qb7 30. Nd2 Nxd2 31. Rxd2 Rc8 32. Rc2 Rxc2 33. Qxc2 Rc6
34. Qa4 Kg7 35. Qxa5 Ra6 36. Qd8 Rxa2 37. Rc1 b3 38. Be5 Ra6 39. Rc8 Qxc8 40.
Bxf6+ Rxf6 41. Qxc8 Rb6 42. Qc5 Re6 43. Qc3 Rb6 44. Qb2 f5 45. Kg1 Kf7 46. Kf1
Ke6 47. Ke2 h6 48. Kd3 g5 49. g3 Rb7 50. Kd2 Rb6 51. Kc1 Kf7 52. Kb1 Ke6 53.
Qc3 Kd7 54. Kb2 Rb5 55. Qd3 Kc6 56. Qxf5 1-0

[Event "HSK-Weihnachtsopen 22"]
[Site "?"]
[Date "2022.12.29"]
[Round "6.1"]
[White "Ertan, Can"]
[Black "Brinkmann, Fabian"]
[Result "0-1"]
[WhiteElo "2352"]
[BlackElo "2147"]
[PlyCount "92"]
[SourceVersionDate "2022.12.29"]

1. e4 c6 2. d4 d5 3. e5 Bf5 4. Nf3 e6 5. Be2 Nd7 6. O-O Bg6 7. a4 a5 8. Re1 Ne7
9. b3 Nf5 10. Ba3 Bxa3 11. Nxa3 O-O 12. c4 f6 13. cxd5 exd5 14. g4 Ne7 15. e6
Nb8 16. Nh4 Qd6 17. Bd3 Na6 18. Qf3 Bxd3 19. Qxd3 Qf4 20. h3 f5 21. Ng2 Qd6 22.
Nc2 Nc7 23. Re2 Rae8 24. Rae1 fxg4 25. hxg4 Ng6 26. Qd2 Rxe6 27. Qxa5 Rxe2 28.
Rxe2 Ne6 29. Qe1 Ng5 30. Re3 Nf3+ 31. Rxf3 Rxf3 32. Nce3 Ne7 33. Qe2 Rf8 34.
Nh4 Qf6 35. Nef5 Nxf5 36. Nxf5 g6 37. Nh6+ Kg7 38. Qe3 Qxf2+ 39. Qxf2 Rxf2 40.
Kxf2 Kxh6 41. Kf3 Kg5 42. b4 h5 43. gxh5 gxh5 44. b5 cxb5 45. axb5 h4 46. b6
Kf5 0-1

[Event "HSK-Weihnachtsopen 22"]
[Site "?"]
[Date "2022.12.29"]
[Round "6.3"]
[White "Zieher, Hartmut"]
[Black "Keyser, Robin"]
[Result "0-1"]
[WhiteElo "2120"]
[BlackElo "2117"]
[PlyCount "72"]
[SourceVersionDate "2022.12.29"]

1. e4 e6 2. d4 d5 3. Nd2 Be7 4. Bd3 c5 5. dxc5 Nf6 6. exd5 Qxd5 7. Ngf3 Qxc5 8.
O-O O-O 9. a3 Qc7 10. Qe2 Nbd7 11. c4 b6 12. b3 Bb7 13. Bb2 Rfd8 14. Rfd1 Rac8
15. Rac1 Bd6 16. Re1 Bf4 17. Rcd1 Qc6 18. h3 e5 19. Qf1 g6 20. Ne4 Ne8 21. Nc3
Qc5 22. Be4 Bxe4 23. Nxe4 Qe7 24. g3 Bh6 25. Nc3 Nef6 26. Nd5 Nxd5 27. Rxd5 e4
28. Nd4 Ne5 29. Rxd8+ Rxd8 30. Rd1 Bg7 31. Kg2 Qb7 32. Ne2 e3+ 33. f3 Rxd1 34.
Qxd1 Qxf3+ 35. Kg1 Qf2+ 36. Kh1 Nf3 0-1

[Event "HSK-Weihnachtsopen 22"]
[Site "?"]
[Date "2022.12.29"]
[Round "6.4"]
[White "Skibbe, Willi"]
[Black "Mandelkow, Elias"]
[Result "1-0"]
[WhiteElo "2189"]
[BlackElo "1891"]
[PlyCount "101"]
[SourceVersionDate "2022.12.29"]

1. c4 e5 2. Nc3 Nf6 3. Nf3 Nc6 4. e3 d5 5. cxd5 Nxd5 6. Bb5 Nxc3 7. bxc3 Bd7 8.
e4 Bd6 9. O-O O-O 10. d4 Nxd4 11. Nxd4 exd4 12. Bxd7 Qxd7 13. cxd4 c6 14. Qc2
Bc7 15. Rd1 Rfe8 16. Be3 Qd6 17. g3 Qg6 18. f3 h5 19. Qf2 a6 20. Rab1 Re7 21.
d5 cxd5 22. Rxd5 Rd8 23. Rg5 Qh7 24. Bd4 Qh6 25. f4 f6 26. Rc5 Bd6 27. Rd5 Qg6
28. Bb6 Qxe4 29. Rbd1 Rdd7 30. Rxd6 Rxd6 31. Rxd6 Qe1+ 32. Qxe1 Rxe1+ 33. Kf2
Rb1 34. Be3 Rh1 35. Kg2 Re1 36. Kf3 Rb1 37. Rb6 Rh1 38. h4 Ra1 39. Rb2 b5 40.
Ke4 Kf7 41. f5 g6 42. fxg6+ Kxg6 43. Kd5 Kf5 44. Kc5 Re1 45. Bf4 Re6 46. Rd2
Re4 47. Rd5+ Kg4 48. Rd4 Re2 49. a3 Kf3 50. Rd6 f5 51. Rxa6 1-0

[Event "HSK-Weihnachtsopen 22"]
[Site "?"]
[Date "2022.12.29"]
[Round "6.5"]
[White "Porth, Hartmut"]
[Black "Trisic, Aleksandar"]
[Result "0-1"]
[WhiteElo "2006"]
[BlackElo "2286"]
[PlyCount "72"]
[SourceVersionDate "2022.12.29"]

1. e4 c5 2. d3 Nc6 3. f4 d6 4. Nf3 g6 5. g3 Bg7 6. Bg2 Rb8 7. a4 e6 8. O-O Nge7
9. c3 O-O 10. Be3 f5 11. exf5 gxf5 12. Na3 Nd5 13. Bf2 Nf6 14. h3 b6 15. Re1 h6
16. Nc4 Ne7 17. Nh4 Ned5 18. Ne3 Nc7 19. g4 fxg4 20. hxg4 Nh7 21. Ng6 Rf7 22.
f5 Nf8 23. Nf4 Be5 24. Nh5 Qg5 25. Nc4 exf5 26. Nxe5 dxe5 27. Rxe5 Ng6 28. d4
Nxe5 29. dxe5 Be6 30. Qe1 Qxg4 31. Nf6+ Rxf6 32. exf6 Bd5 33. Qf1 Kf7 34. Kh2
Rg8 35. Bxd5+ Nxd5 36. Qh3 Qxh3+ 0-1

[Event "HSK-Weihnachtsopen 22"]
[Site "?"]
[Date "2022.12.29"]
[Round "6.6"]
[White "Schroeder, Christoph"]
[Black "Rolf, Marco"]
[Result "1-0"]
[WhiteElo "2114"]
[BlackElo "2098"]
[Annotator "turnier"]
[PlyCount "131"]
[SourceVersionDate "2022.12.29"]

1. e4 e6 2. d4 d5 3. Nc3 Nf6 4. e5 Nfd7 5. f4 c5 6. Nf3 Nc6 7. Be3 a6 8. Qd2 b5
9. dxc5 Bxc5 10. Bxc5 Nxc5 11. O-O-O b4 12. Ne2 Ne4 13. Qe3 Qa5 14. Kb1 Rb8 15.
Nfd4 Bd7 16. Nb3 Qb6 17. Qxb6 Rxb6 18. Rg1 Ke7 19. Ned4 Ra8 20. Bd3 Nxd4 21.
Nxd4 Nc5 22. Rge1 Bb5 23. Re3 g6 24. g4 Bxd3 25. cxd3 Kd7 26. Rc1 Nb7 27. Rh3
Rh8 28. Rh6 Nd8 29. g5 Nc6 30. Nxc6 Rxc6 31. Rxc6 Kxc6 32. Kc2 Kb5 33. Kd2 a5
34. Ke3 b3 35. a3 a4 36. Kd4 Rc8 37. Rxh7 Rc2 38. Rxf7 Rxb2 39. Rb7+ Kc6 40.
Rb4 Rxh2 41. Rxa4 b2 42. Rb4 Rf2 43. Kc3 Rxf4 44. Rxb2 Rf5 45. d4 Rxg5 46. a4
Rg3+ {(=)} 47. Kb4 Rd3 48. Rc2+ Kd7 49. Kc5 Ra3 50. Kb5 Rd3 51. a5 Rxd4 52. a6
Rd1 53. Ra2 Rb1+ 54. Kc5 Rc1+ 55. Kd4 Rc4+ 56. Ke3 Rc8 57. a7 Ra8 58. Ra6 g5
59. Kd4 g4 60. Kc5 Kc7 61. Rxe6 g3 62. Re7+ Kd8 63. Rg7 Ke8 64. Kb6 d4 65. Kb7
Kf8 66. Rxg3 1-0

[Event "HSK-Weihnachtsopen 22"]
[Site "?"]
[Date "2022.12.29"]
[Round "6.7"]
[White "Andris, Valentin"]
[Black "Guenther, Patrick"]
[Result "0-1"]
[WhiteElo "1825"]
[BlackElo "2151"]
[PlyCount "88"]
[SourceVersionDate "2022.12.29"]

1. d4 Nf6 2. Nf3 b6 3. Bf4 Bb7 4. e3 Nh5 5. Bg5 h6 6. Bh4 g5 7. Ne5 Nf6 8. Bg3
d6 9. Nd3 Nbd7 10. Nd2 e6 11. c3 Qe7 12. a4 a6 13. Qb3 Nh5 14. Qd1 Nxg3 15.
hxg3 Bg7 16. Qb3 a5 17. Rc1 e5 18. Ra1 exd4 19. cxd4 Bxd4 20. Qc4 Bc5 21. Qc3
Qf6 22. Qxf6 Nxf6 23. Nxc5 dxc5 24. Bb5+ Ke7 25. O-O Rhd8 26. Nf3 Bxf3 27. gxf3
Rd2 28. b3 Rad8 29. g4 Rb2 30. Bc4 Rdd2 31. Rad1 Nd7 32. Kg2 Ne5 33. Rxd2 Rxd2
34. Rh1 Nxc4 35. bxc4 Rd6 36. Kg3 Kf8 37. f4 Kg7 38. f5 Rd2 39. Kf3 Rc2 40. Rd1
Rxc4 41. Rd7 Rxa4 42. Rxc7 Rb4 43. e4 Kf6 44. Ke2 Rxe4+ 0-1

[Event "HSK-Weihnachtsopen 22"]
[Site "?"]
[Date "2022.12.29"]
[Round "6.8"]
[White "Klaus, Christian"]
[Black "Serrer, David"]
[Result "1/2-1/2"]
[WhiteElo "2095"]
[BlackElo "1853"]
[PlyCount "38"]
[SourceVersionDate "2022.12.29"]

1. e4 e5 2. Nc3 Nf6 3. g3 d5 4. exd5 Nxd5 5. Bg2 Nxc3 6. bxc3 Bd6 7. Nf3 Nc6 8.
O-O O-O 9. d4 exd4 10. cxd4 Bg4 11. c3 Qd7 12. Qd3 Bf5 13. Qb5 a6 14. Qb3 Na5
15. Qd5 Qb5 16. Nd2 Bd3 17. Qxb5 axb5 18. Re1 Rfe8 19. Re3 Bf5 1/2-1/2

[Event "HSK-Weihnachtsopen 22"]
[Site "?"]
[Date "2022.12.29"]
[Round "6.9"]
[White "Wiethuechter, Samuel"]
[Black "Atri, Jamshid"]
[Result "0-1"]
[WhiteElo "1712"]
[BlackElo "2020"]
[PlyCount "55"]
[SourceVersionDate "2022.12.29"]

1. c4 Nf6 2. Nc3 e6 3. g3 d5 4. Bg2 d4 5. Ne4 Nxe4 6. Bxe4 e5 7. Qa4+ c6 8. Qc2
g6 9. d3 Na6 10. a3 Nc5 11. Bg2 a5 12. Nf3 Bg7 13. Nd2 a4 14. b4 axb3 15. Nxb3
Na4 16. Bd2 O-O 17. h4 h6 18. Bb4 Re8 19. Nc5 Nxc5 20. Bxc5 e4 21. O-O e3 22.
f3 f5 23. f4 g5 24. hxg5 hxg5 25. Rf3 Kh7 26. Kh2 Kg6 27. Rh1 b6 28. Rff1 0-1

[Event "HSK-Weihnachtsopen 22"]
[Site "?"]
[Date "2022.12.29"]
[Round "6.10"]
[White "Bahrs, Timo"]
[Black "Apitzsch, Leon Fabian"]
[Result "0-1"]
[WhiteElo "1665"]
[BlackElo "1993"]
[PlyCount "70"]
[SourceVersionDate "2022.12.29"]

1. e4 c5 2. Nc3 a6 3. g3 b5 4. Bg2 Bb7 5. d3 g6 6. Be3 d6 7. Nge2 Bg7 8. Rb1 b4
9. Nd5 Nc6 10. a3 a5 11. a4 e6 12. Ndf4 Nge7 13. O-O O-O 14. Nh3 Nd4 15. c3
Nxe2+ 16. Qxe2 Ba6 17. c4 b3 18. Bd2 Nc6 19. Bc3 Rb8 20. Bxg7 Kxg7 21. Ra1 Rb4
22. Qd2 Nd4 23. Qc3 Qf6 24. Kh1 Nc2 25. Qxf6+ Kxf6 26. Rab1 Rxa4 27. f4 h6 28.
Rf2 Ra1 29. Rxa1 Nxa1 30. g4 Nc2 31. g5+ hxg5 32. fxg5+ Ke7 33. Bf3 Rb8 34. Kg2
a4 35. Kg3 a3 0-1

[Event "HSK-Weihnachtsopen 22"]
[Site "?"]
[Date "2022.12.30"]
[Round "7.1"]
[White "Colpe, Malte"]
[Black "Ertan, Can"]
[Result "1/2-1/2"]
[WhiteElo "2355"]
[BlackElo "2352"]
[PlyCount "129"]
[SourceVersionDate "2022.12.29"]

1. d4 Nf6 2. c4 e6 3. Nf3 b6 4. a3 Bb7 5. Bf4 d5 6. cxd5 exd5 7. Qa4+ c6 8. e3
Bd6 9. Bxd6 Qxd6 10. Be2 O-O 11. O-O a5 12. Nc3 Ba6 13. Bxa6 Rxa6 14. Ne5 b5
15. Qc2 Nbd7 16. Nf3 Nb6 17. a4 Rc8 18. Qd3 Raa8 19. axb5 cxb5 20. Qxb5 Nc4 21.
Ne5 Nxe5 22. dxe5 Qxe5 23. Rxa5 Rab8 24. Qe2 Rb4 25. Rd1 Rcb8 26. Rd2 Qc7 27.
Ra1 Qb7 28. Rad1 Rxb2 29. Rxb2 Qxb2 30. Qxb2 Rxb2 31. f3 h5 32. Nxd5 Nxd5 33.
Rxd5 g6 34. h4 Kg7 35. e4 Kf6 36. Kh2 Rc2 37. Ra5 Rb2 38. Ra7 Rc2 39. Kh3 Rf2
40. Ra6+ Ke5 41. Kg3 Rb2 42. Ra5+ Kf6 43. Kh3 Rf2 44. Ra7 Ke6 45. e5 Re2 46. f4
Re3+ 47. Kh2 Rb3 48. Ra6+ Ke7 49. Rf6 Re3 50. Kg1 Re1+ 51. Kf2 Rh1 52. g3 Rh2+
53. Kf3 Ra2 54. f5 Ra3+ 55. Kf4 Ra4+ 56. Kg5 Rg4+ 57. Kh6 gxf5 58. Rxf5 Rxg3
59. Kxh5 Ke6 60. Rf6+ Kxe5 61. Rxf7 Ke6 62. Rf1 Rg7 63. Rf4 Ke5 64. Rf1 Ke6 65.
Rf2 1/2-1/2